|
|
|
|
| LEADER |
00000nab a2200000 a 4500 |
| 001 |
vtls000723289 |
| 003 |
SK-MaSNL |
| 005 |
20260331150435.0 |
| 008 |
250429c1999 xo 0 slo |
| 015 |
|
|
|a SNBRB2000/05-14606
|
| 035 |
|
|
|a CLN000075455
|
| 035 |
|
|
|a urn:nbn:sk:snk-ab7a9m
|
| 035 |
|
|
|a (uuid)7b6a61bf-df10-4096-828b-d4e47f8632f6
|
| 035 |
|
|
|a (urnnbn)urn:nbn:sk:snk:ar-a07de5
|
| 035 |
|
|
|a (sysno)vtls000723289
|
| 040 |
|
|
|a SNKBUCL
|b slo
|c SNKBUCL
|e AACR2
|
| 041 |
0 |
|
|a slo
|
| 044 |
|
|
|a xo
|c SK
|
| 080 |
|
|
|a 929.6
|2 1997
|
| 100 |
1 |
|
|a Federmayer, Frederik,
|d 1973-
|4 aut
|9 1635965
|
| 245 |
1 |
0 |
|a Erb Štefana Suchaia
|c Frederik Federmayer
|
| 300 |
|
|
|b Obr.
|
| 504 |
|
|
|a Bibliogr. odkazy
|
| 600 |
1 |
7 |
|a Suchai, Štefan,
|d 1551-1608
|2 snkbucl
|9 1409294
|
| 650 |
0 |
7 |
|a erby
|2 snkbucl
|9 18910
|
| 650 |
0 |
7 |
|a rodové erby
|2 snkbucl
|9 31790
|
| 655 |
|
7 |
|a články z novín a časopisov
|2 snkbucl
|9 267496
|
| 773 |
0 |
|
|t Genealogicko-heraldický hlas
|g Roč. 9, č. 2 (1999), s. 34-35
|x 1135-0137
|
| 850 |
|
|
|a Slovenská národná knižnica
|
| 852 |
|
|
|a Slovenská národná knižnica
|
| 856 |
4 |
1 |
|u http://www.genealogy-heraldry.sk/pdf/GHH1999_2.pdf
|
| 954 |
|
|
|a odborná, vedecká literatúra pôvodná (slovenská)
|2 lita
|
| 958 |
|
|
|a article27
|
| 958 |
|
|
|a NB
|
| 958 |
|
|
|a OND
|
| 958 |
|
|
|a EUIPO
|
| 992 |
|
|
|a RBX
|
| 999 |
|
|
|c 2860819
|d 2862749
|